Statistics for Slimmest US States

Click here to take the quiz!

General Stats

  • This quiz has been taken 113 times
    (110 since last reset)
  • The average score is 7 of 10

Answer Stats

% obesityState% Correct
24.7%California
90%
21.7%Washington
81%
24.8%Vermont
79%
22.1%Hawaii
71%
26.2%Florida
68%
21.3%Colorado
66%
26.3%Connecticut
65%
25.7%Utah
65%
23.3%Massachusetts
64%
26.4%Montana
49%

Score Distribution

Percentile by Number Answered

Percent of People with Each Score

Your Score History

You have not taken this quiz since the last reset